000 01027nam0a22003131 4500
001 v19\rc\1652246
005 20250619003519.0
035 _a(NLR Aleph) 004763342
090 _a4593673
_c4593673
100 _a20061002e18761876|||y0rusy50 ca
101 0 _arus
102 _aRU
105 _ay z |||||
200 1 _aПоследнее десятилетие в истории народного просвещения в России
210 _aМосква
_cУнив. тип.
_d1876
215 _a55 с.
_d21
300 _aВ конце текста авт.: Р.
311 _aОтт. из журн. "Рус. вестн.", 1876, т. 123, № 5
488 0 _12001#$aРусский вестник$v1876, т. 123, № 5
_tРусский вестник
701 0 _aР.
801 0 _aRU
_bNLR
_gpsbo
801 0 _aRU
_bRuMoRGB
_2psbo
801 1 _aRU
_bProSoft-M
_2rusmarc
852 _aNLR
_j18.92.7.338
899 _aRuMoRGB
_jE 46/341
899 _aRuMoRGB
_jE 46/609
899 _aГПИБ
942 _cBOOK
980 _aNB